A filozófia eszményéről és feladatairól
Elmentve itt :
| Szerző: | |
|---|---|
| Adatforrás: | Philobibl |
| Dokumentumtípus: | Könyv |
| Nyelv: | magyar |
| Megjelent: |
Szeged
Első Kecskeméti Hírlapkiadó és ny.
1936
|
| Sorozat: | Szellem és Élet könyvtára
|
| LEADER | 00424nam a2200133 c 4500 | ||
|---|---|---|---|
| 001 | bibDOK00006150 | ||
| 005 | 20200924120218.1 | ||
| 008 | 060518s1936 hu hun | ||
| 100 | 1 | |a Boda István | |
| 245 | 1 | 2 | |a A filozófia eszményéről és feladatairól |c Boda István |
| 260 | |a Szeged |b Első Kecskeméti Hírlapkiadó és ny. |c 1936 | ||
| 300 | |a 26 p. | ||
| 490 | 1 | |a Szellem és Élet könyvtára | |
| 830 | 0 | |a Szellem és Élet könyvtára | |